1936 1067 1153 1204 1495 1612 1044 1586 1673 1231 1957 1633 1803 1601 1822 1078 1385 1707 1812 1610 1668 1403 1047 1373 1088 1569 1603 1954 1290 1325 1939 1870 1549 1863 1488 1667 1695 1867 1058 1462 1845 1192 1234 1854 1701 1635 1581 1963 1080 1490 1298 1724 1226 1734 1830 1431 1227 1122 1770 1985 1153 1108 1124 1864 1897 1774 1511 1187 1087 1021 1117 1592 1076 1806 1690 1316 1410 1577 1496 1741 1796 1587 1011 1043 1696 1016 1519 1156 1322 1442 1753 1855 1182 1698 1874 1071 1953 1976 1433 BCNSPRNW ULIB Ver.6.0+V

เปลี่ยนเป็นภาษาไทย

Change to English
 แสดงรายละเอียดบรรณานุกรม
  กลับหน้าหลัก

Brief Record : Get Marc (ISO 2709) : E-mail record : QR code < ปิดหน้าต่าง
LEADER : 00000nam 2200000uu 4500
001    13399112232
003     ULIB
008    110801s2549||||th 000 0 tha d
020    9743236201
041 1  tha^heng
050 04 HD7801^bบ294ค 2549
100 1  เอห์เรนไรช์, บาร์บารา
245 10 คำให้การของคนเปื้อนเหงื่อ = Nickel and dimed : on (not) getting by in America /^cของ Barbara Ehrenreich ; ดาหาชาดา, แปล
250    พิมพ์ครั้งที่ 1
260    กรุงเทพฯ :^bมติชน,^c2549
300    280 หน้า ;^c22 ซม
650  7 ค่าจ้างขั้นต่ำ^zสหรัฐอเมริกา
650  7 แรงงานไม่มีฝีมือ^zสหรัฐอเมริกา
650  7 ความจน^zสหรัฐอเมริกา
700 0  ดาหาชาดา
700 12 Ehrenreich, Barbara.^tNickel and dimed : on (not) gettingby in America
945    ^p200^l0^i020302
995    ทศพร
999 ^a ทศพร
รายการนี้ยังไม่มีแท็ก
คุณยังไม่ได้ล็อกอิน คุณสามารถมีกิจกรรมร่วมกับเว็บไซต์ได้ แต่ต้องล็อกอินก่อน ::
  ล็อกอิน

รายการสื่อสารสนเทศ

ลำดับที่ ประเภท เลขเรียก/บาร์โค้ด สถานที่ สถานะ
- ไม่พบข้อมูล -

BibComment


ยังไม่เคยถูกคอมเมนท์

คอมเมนท์ทรัพยากรรายการนี้
  คอมเมนท์: คำให้การของคนเปื้..


 Copyright 2026. Bcnsprnw @Library